000 00658cam a22002291 4500
001 he 68003619
003 DLC
005 20260227111506.0
008 840119s1966 is 000 0 hebr
010 _ahe 68003619
035 _a(OCoLC)19154009
040 _aDLC
_cMH
_dTxU
_dDLC
042 _apremarc
050 0 0 _aBM198.S483
_bE8
100 1 _aEsterman, Shemuʼel Grunam.
245 1 0 _aSefer Beʼur Tanya,
_cme-et Shemuʼel Grunam Esterman.
260 _aKefar Ḥabad,
_c727 [1966 or 7]
300 _a37 l.
_c28 cm.
600 0 0 _aShneur Zalman,
_cof Lyady,
_d1745-1813.
_tLiḳuṭe amarim.
650 0 _aHasidism.
752 _aIsrael
_dKefar Ḥabad
999 _c33934
_d33934